| 000 | 01416 a2200217 4500 | ||
|---|---|---|---|
| 003 | Nust | ||
| 005 | 20230516104045.0 | ||
| 010 | _a 84010010 | ||
| 020 | _a0534027857 : | ||
| 040 | _cNust | ||
| 082 | 0 | 0 | _a001.642,PIZ |
| 100 | 1 |
_aPizzarello, Antonio, _9112235 |
|
| 245 | 1 | 0 |
_aDevelopment and maintenance of large software systems / _cAntonio Pizzarello. |
| 260 |
_aBelmont, Calif. : _bLifetime Learning Publications, _cc1984. |
||
| 300 |
_a263 p. : _bill. ; _c24 cm. |
||
| 505 | _aSoftware Systems and their Problems (Page-1), Experiments to the Development of Large Systems (PAGe-19), Mathematics and Computer Software (Page-31), Fundamentals of Program Specifications (Page-39), The Programming Problem (Page-53), Programming Language Constructs (Page-65), Program Design (Page-77), Program Testing (Page-101), Reading and Understanding Programs (Page-113), The System Development Problem (Page-123), Data Abstraction (Page-135), Hierarchy of Abstract Machine (Page-153), Hierarchy of Abstract Machines (Page-169), An Example of Hierarchical Development (Page-181), Experience with Hierarchical Design (Page-199), Analysis Of Implementation and Maintenance (Page-213), Concurrent Processing (Page-231), Conclusion (Page-255). | ||
| 650 | 0 |
_aComputer programming _xManagement. _996286 |
|
| 650 | 0 | _aComputer programming. | |
| 650 | 0 |
_aSoftware maintenance. _9112236 |
|
| 942 |
_2ddc _cBKB _k001.642,PIZ |
||
| 999 |
_c176526 _d176526 |
||